000
00294nam a2200121 a 4500
008
110105s1971|||| d
245
1
0
_a
Mladosť V. I. Lenina
100
1
_a
Zetkinová - Milovidová, E.
260
_b
SPN
_a
Bratislava
_c
1971
044
_a
xo
_c
SK
041
_a
slo
020
_c
13,50
999
_c
15493
_d
15493